[Event "CRI-chT"]
[Site "San Jose"]
[Date "2024.06.09"]
[Round "6.2"]
[White "Rivera Gonzalez, Jose Alexis"]
[Black "Murillo Arguedas, Jaime"]
[Result "1-0"]
[WhiteElo "1926"]
[BlackElo "1792"]
[PlyCount "85"]
[EventDate "2024.04.28"]
[EventType "team-swiss"]
[EventRounds "7"]
[EventCountry "CRI"]
[SourceTitle "EXT 2025"]
[Source "ChessBase"]
[SourceDate "2024.10.14"]
[SourceVersion "1"]
[SourceVersionDate "2024.10.14"]
[SourceQuality "1"]
[WhiteTeam "Costa Rica Univ II"]
[BlackTeam "Santa Barbara II"]
[WhiteTeamCountry "CRI"]
[BlackTeamCountry "CRI"]

1. d4 d5 2. Nf3 Nf6 3. g3 c6 4. Bg2 g6 5. 0-0 Bg7 6. b3 0-0 7. Bb2 e6 8. Nbd2 Nbd7 9. c4 Re8 10. Rc1 Qa5 11. Qc2 Ne4 12. Nxe4 dxe4 13. Qxe4 Qxa2 14. Qc2 Qa5 15. e4 Rb8 16. Ra1 Qb6 17. c5 Qc7 18. e5 b6 19. b4 f6 20. Rfe1 a5 21. cxb6 Qxb6 22. Rxa5 Qxb4 23. Bc3 Qb6 24. Nd2 Ba6 25. Rb1 Bb5 26. Nc4 Qc7 27. Nd6 Rf8 28. Bb4 Bd3 29. Qxd3 Rxb4 30. Rxb4 Qxa5 31. Qc4 h6 32. Qxe6+ Kh7 33. Rb1 Nb6 34. Nb7 Qc3 35. Qxc6 Qxc6 36. Bxc6 Nc8 37. e6 Ne7 38. Bd7 f5 39. Rd1 Nd5 40. Bc6 Nc3 41. Rd2 Bxd4 42. e7 Rg8 43. e8Q 1-0